boys group #2 TXT - Statistiques

Statistiques générales
  • Ce quiz a été pris 58 fois
  • Le résultat moyen est 13 sur 16
Statistiques - réponses
Par images Réponse % Correct
Soobin
98%
yeonjun
98%
Yeonjun
95%
Beomgyu
93%
Soobin
93%
Taehyun
93%
Taehyun
90%
Huening kai
88%
Beomgyu
85%
Beomgyu
85%
Soobin
85%
Huening kai
83%
Huening kai
80%
Huening kai
78%
Yeonjun
78%
Taehuyn
5%
Aucun quiz correspondant
Distribution des résultats
% des personnes avec chaque résultat
Percentile par nombre de réponses
Votre historique - résultats
Vous n’avez pas pris ce quiz